| 000 | 01113nam a2200325Ia 4500 | ||
|---|---|---|---|
| 003 | OSt | ||
| 005 | 20221007120934.0 | ||
| 006 | a|||||r|||| 00| 0 | ||
| 007 | ta | ||
| 008 | 221006b |||||||| |||| 00| 0 eng d | ||
| 020 | _a9780387357676 (hbd) | ||
| 024 | _a83020 | ||
| 037 |
_b26770, 22/12/2008, Segment Book Distributors _cTextbook |
||
| 040 |
_aBDL _cBDL _beng |
||
| 041 |
_2eng _aeng |
||
| 082 | _aU:(9S), P8 Carb | ||
| 100 |
_aNeteler Markus _9710308 |
||
| 245 | 0 |
_aOpen sources GIS:a grass GIS approach _b Mitasova Helena |
|
| 250 | _a3 | ||
| 260 |
_aNew _bYork Springer _c2008 |
||
| 300 |
_axix, 406p. _ccm. |
||
| 500 | _aAppendix A.1-A.3, 367-383p.; References 385-392p.; Index 393-406p. | ||
| 650 |
_a Grass-Electronic computer system _9710309 |
||
| 650 |
_a Open sources-software _9710310 |
||
| 650 | _a Remote sensing | ||
| 650 | _aGeographic information system | ||
| 700 |
_a Mitasova Helena _9710311 |
||
| 942 |
_hU:(9S), P8 Carb _cTB _2CC |
||
| 999 |
_c1208216 _d1208216 |
||